50 anys de beisbol a Viladecans : història gràfica del Club Beisbol Viladecans (1945-1995) / Manuel Luengo Carrasco ; Ignasi Alavedra Casas i Andreu Comellas Doñate, col·laboradors història gràfica del Club Beisbol Viladecans (1945-1995) / Manuel Luengo Carrasco ; Ignasi Alavedra Casas i Andreu Comellas Doñate, col·laboradors
MARC
| LEADER | 00000nam a2200000Ia 4500 | ||
|---|---|---|---|
| 001 | 11227 | ||
| 008 | 160829s1995 xx 000 0 cat d | ||
| 080 | |a P-1-30 | ||
| 100 | 1 | |a Luengo Carrasco, Manuel, |d 1962- |9 32179 | |
| 245 | |a 50 anys de beisbol a Viladecans : |b història gràfica del Club Beisbol Viladecans (1945-1995) / Manuel Luengo Carrasco ; Ignasi Alavedra Casas i Andreu Comellas Doñate, col·laboradors | ||
| 260 | |a [Viladecans] : |b Ajuntament de Viladecans : |b Arxiu Històric de la Ciutat : |b Club Beisbol Viladecans, |c 1995 | ||
| 300 | |a 107 p. : |b il., negre i col. ; |c 21 cm | ||
| 590 | |a Amb la col·laboració de Diputació de Barcelona. Servei d'Esports i Generalitat de Catalunya. Secretaria General de l'Esport | ||
| 650 | |a Beisbol |x Viladecans |x Història |x 1945/1995 |x Llibres de làmines |9 35456 | ||
| 650 | |a Club Beisbol Viladecans |x Llibres de làmines |9 35457 | ||
| 700 | |a Alavedra Casas, Ignasi |9 35458 | ||
| 700 | |a Comellas Doñate, Andreu |9 35459 | ||
| 700 | |a Club Beisbol Viladecans |9 35460 | ||
| 700 | |a Catalunya. Secretaria General de l'Esport |9 35461 | ||
| 710 | 1 | |a Barcelona (Catalunya : Província). |b Servei d'Esports |9 53772 | |
| 710 | 1 | |a Viladecans (Catalunya). |b Ajuntament |9 54292 | |
| 710 | 2 | |a Arxiu Municipal de Viladecans |9 54293 | |
| 901 | |a Arxiu | ||
| 942 | |n 1 | ||
| 952 | |0 0 |1 0 |4 0 |6 P130 |7 1 |9 46910 |a Arxiu |b Arxiu |d 2016-12-01 |l 0 |o P-1-30 |p 11227 |r 2016-12-01 00:00:00 |w 2016-12-01 |y ARXIU | ||
| 999 | |c 50703 |d 50703 | ||